000 00335nam a2200145Ia 4500
008 150301s2015 xx 000 0 und d
082 _a615.7
_bP14A
100 _aAGARWAL, GAURAV
245 _aPHARMACEUTICAL TECHNOLOGY -|
250 _a1ST
260 _bCBS- DELHI
300 _a573
650 _aPHARMACEUTICS
942 _2ddc
_cBK
_02
999 _c7252
_d7252